El Coneixement objectiu : un enfocament evolutiu / Karl R. Popper ; traducció de Núria Roig ; edició i pròleg a cura de Victòria Camps un enfocament evolutiu / Karl R. Popper ; traducció de Núria Roig ; edició i pròleg a cura de Victòria Camps
Descripción Física:
378 p. ; 19'5 cm
Colección:
Clàssics del pensament modern ; 27
Materias:
Coneixement, Teoria del
MARC
| LEADER | 00000nam a2200000Ia 4500 | ||
|---|---|---|---|
| 001 | 1704 | ||
| 008 | 160829s1985 xx 000 0 cat d | ||
| 080 | |a F-1-50 | ||
| 100 | |a Popper, Karl R. |9 29110 | ||
| 245 | |a El Coneixement objectiu : |b un enfocament evolutiu / Karl R. Popper ; traducció de Núria Roig ; edició i pròleg a cura de Victòria Camps | ||
| 260 | |a Barcelona : |b Edicions 62 : |b Diputació de Barcelona, |c 1985 | ||
| 300 | |a 378 p. ; |c 19'5 cm | ||
| 490 | |a Clàssics del pensament modern ; 27 | ||
| 650 | |a Coneixement, Teoria del |9 26701 | ||
| 700 | |a Roig, Núria, tr. |9 20027 | ||
| 700 | |a Camps, Victòria, ed. |9 29111 | ||
| 710 | 1 | |a Barcelona (Catalunya : Província). |b Diputació |9 52408 | |
| 901 | |a Arxiu | ||
| 942 | |n 1 | ||
| 952 | |0 0 |1 0 |4 0 |6 F150 |7 1 |9 45066 |a Arxiu |b Arxiu |d 2016-12-01 |l 0 |o F-1-50 |p 1704 |r 2016-12-01 00:00:00 |w 2016-12-01 |y ARXIU | ||
| 999 | |c 47686 |d 47686 | ||